00490nam a2200205Ia 4500008004100000020001800041050001400059100002100073245001500094245002200109245002400131260001500155260001600170260000900186300001400195300002700209300001000236440003000246500000800276170918s9999 xx 000 0 und d a978059044297x bB852 1985 aBridwell, Norman aClifford : bthe big red dog / cby Norman Bridwell. aNew York : bScholastic, c1985 aunpaged : bcolored illustration ; c20cm. aClifford the big red dog. a220